000 00214 a2200097 4500
001 7052
100 _aHaq, S.M
245 _aGreat revolution of 1957
260 _a
_bPak historical society
_c
090 _c5822
_d5822
942 _aNUST-CAE
_cM
_c32292
999 _c242125
_d242125